自社線内の全路線と乗り換えができる鉄道路線 - Statistics

General Stats
  • This quiz has been taken 315 times
    304 since last reset
  • The average score is 13 of 26
Answer Stats
会社 路線名 % Correct
札幌市交 東西線
76%
札幌市交 南北線
74%
京急 本線
74%
近江鉄道 本線
74%
阪神 本線
74%
広島電鉄 本線
74%
長崎電気軌道 本線
74%
京王 京王線
69%
小田急 小田原線
69%
東京メトロ 半蔵門線
66%
東京メトロ 銀座線
61%
東京メトロ 丸ノ内線
60%
東京メトロ 千代田線
60%
東京メトロ 有楽町線
60%
札幌市交 東豊線
59%
名古屋市交 名城線
44%
福岡市交 空港線
44%
相鉄 相鉄本線
42%
OsakaMetro 中央線
40%
高松琴平電気鉄道 琴平線
30%
高松琴平電気鉄道 長尾線
25%
高松琴平電気鉄道 志度線
25%
とさでん交通 伊野線
18%
とさでん交通 後免線
18%
とさでん交通 駅前線
16%
とさでん交通 桟橋線
16%
No matching quizzes found
Score Distribution
Percent of People with Each Score
Percentile by Number Answered
Your Score History
You have not taken this quiz since the last reset